00544 2200181 4500245003400000020002200034250001100056100001900067700001700086650001700103005001900120260003900139041001400178084001100192300002300203500012700226336000900353 aClairescValerie PatkarhText a978-602-455-366-1 aCet. 3 aValerie Patkar aJia Effendie aNovel Remaja a20231002123853 aJakartabBhuana Ilmu Populerc2018 aIndonesia a808.83 a318 hlm. :c19 cm. aTentang ada, namun tidak adaTentang disini, namun pergiTentang sembuh, namun tetap lukaTentang percaya, namun ditinggalkan atext